<?xml version="1.0" encoding="UTF-8"?>
<marc:record xmlns:marc="http://www.loc.gov/MARC21/slim">
   <marc:leader>00000nam a2200000 a 4500</marc:leader>
   <marc:datafield ind1="1" ind2=" " tag="100">
      <marc:subfield code="a">Ferch, Heino</marc:subfield>
   </marc:datafield>
   <marc:datafield ind1="0" ind2="0" tag="245">
      <marc:subfield code="a">Die Frau im Meer</marc:subfield>
   </marc:datafield>
   <marc:datafield ind1=" " ind2="1" tag="264">
      <marc:subfield code="a">Hamburg</marc:subfield>
      <marc:subfield code="b">Network Movie</marc:subfield>
      <marc:subfield code="c">2023</marc:subfield>
   </marc:datafield>
   <marc:datafield ind1="1" ind2=" " tag="490">
      <marc:subfield code="a">4</marc:subfield>
   </marc:datafield>
   <marc:datafield ind1="1" ind2=" " tag="520">
      <marc:subfield code="a">Nach einem verpassten Anruf und einer beunruhigenden Mailbox-Nachricht seiner ehemaligen Kollegin Hella Christensen macht sich der Ermittler Simon Kessler auf den Weg nach Nordholm. Dem Kommissar ist klar, dass etwas Schlimmes passiert sein muss. Als Hellas Segelboot auf dem Meer geborgen wird, finden sich darauf ihre Blutspuren und ihr Handy - von der ehemaligen Kommissarin selbst fehlt jede Spur. Eine Soko, geleitet von der neuen Kommissarin Lena Jansen, übernimmt die Ermittlungen. Das Team muss nicht nur Hellas Verschwinden aufklären, sondern auch den Tod der 15-jährigen Viviane, die von ihrer Freundin Charlotte Broder im Wald gefunden wurde und vermutlich an einer Medikamentenüberdosis gestorben ist.</marc:subfield>
   </marc:datafield>
   <marc:datafield ind1=" " ind2=" " tag="020">
      <marc:subfield code="a">4052912390201</marc:subfield>
      <marc:subfield code="9">4052912390201</marc:subfield>
   </marc:datafield>
   <marc:datafield ind1="0" ind2=" " tag="490">
      <marc:subfield code="v">0</marc:subfield>
   </marc:datafield>
   <marc:datafield ind1=" " ind2=" " tag="300">
      <marc:subfield code="a">ca. 180 Min.</marc:subfield>
   </marc:datafield>
</marc:record>
